| 000 | 00357pab a2200145 454500 | ||
|---|---|---|---|
| 008 | 180718b1986 xxu||||| |||| 00| 0 eng d | ||
| 100 | _aWronsley, R.P. | ||
| 245 | _aPublic accountability | ||
| 260 | _c1986 | ||
| 300 | _a163-71 | ||
| 362 | _aDec. | ||
| 650 | _aPublic Administration | ||
| 773 | _aSAIPA, Journal of Public Administration | ||
| 909 | _a16499 | ||
| 999 |
_c16499 _d16499 |
||